Counting the cost of ill-health (Record no. 65135)

MARC details
000 -LEADER
fixed length control field 01163cam a2200229 4500
001 - CONTROL NUMBER
control field ABS62957
008 - FIXED-LENGTH DATA ELEMENTS--GENERAL INFORMATION
fixed length control field 000000n2000 000 0 eng u
035 ## - SYSTEM CONTROL NUMBER
System control number (Sirsi) u109064
100 ## - MAIN ENTRY--PERSONAL NAME
Personal name D'Arcy, J.
245 ## - TITLE STATEMENT
Title Counting the cost of ill-health
260 ## - PUBLICATION, DISTRIBUTION, ETC.
Date of publication, distribution, etc. 2000
490 ## - SERIES STATEMENT
Series statement Contract Journal
Volume/sequential designation 406(6300) 25 October 2000, 18-19(2)
520 ## - SUMMARY, ETC.
Summary, etc. Reports on the HSE's "Tackling health risks in construction'" conference, and particularly the comments made by the HSE's Chief Inspector of Construction. He estimated that work-related illness is costing the construction industry an estimated £760m a year. In addition, illness caused by working in the construction industry is resulting in the loss of around 25,000 workers annually. Employers were urged, in partnership with employees and the trade unions, to safeguard the health and safety of workers for both financial and humanitarian reasons.
590 ## - LOCAL NOTE (RLIN)
Local note ABS
650 ## - SUBJECT ADDED ENTRY--TOPICAL TERM
Topical term or geographic name entry element CONSTRUCTION INDUSTRY
650 ## - SUBJECT ADDED ENTRY--TOPICAL TERM
Topical term or geographic name entry element CONSTRUCTION WORKERS
650 ## - SUBJECT ADDED ENTRY--TOPICAL TERM
Topical term or geographic name entry element HEALTH ISSUES
650 ## - SUBJECT ADDED ENTRY--TOPICAL TERM
Topical term or geographic name entry element ILLNESS
650 ## - SUBJECT ADDED ENTRY--TOPICAL TERM
Topical term or geographic name entry element HEALTH AND SAFETY EXECUTIVE
690 ## - LOCAL SUBJECT ADDED ENTRY--TOPICAL TERM (OCLC, RLIN)
Topical term or geographic name as entry element BUILT ENVIRONMENT-BUILDING STANDARDS
942 ## - ADDED ENTRY ELEMENTS (KOHA)
Suppress in OPAC 0
Holdings
Withdrawn status Lost status Source of classification or shelving scheme Damaged status Not for loan Home library Current library Shelving location Date acquired Total Checkouts Full call number Barcode Date last seen Copy number Price effective from Koha item type
    Dewey Decimal Classification     London London Journal article 02/11/2000   ABS62957 109064-1001 06/08/2019 1 06/08/2019 Journal article